01359nam a2200241 a 450000100100000000500170001000800410002702000200006802000220008804000250011024501020013526000480023730000210028549000310030650400730033750502830041070000490069371001050074283000360084795201080088395201090099199900170110000004113920201002034642.0130919s1977 sp 000 0 spa d a8400036484(v.7) a8400054391 (v.10) aDO-SdBNPbspacBNPHU00aCuadernos de Historia :bAnexos de la revista Hispania /cdirector Miguel Ángel Ladero Quesada. aMadrid :bInstituto Jeronimo Zurita,c1977. av. ;c25 cmbil.1 aCuadernos de Historiav. 7 aIncluye referencias bibliográficas y notas al pie de las páginas0 gv. 7tAndalucía, de la Edad Media a la Moderna /rvolumen preparado bajo la dirección del profesor Miguel Ángel Ladero Quesada --gv. 10taEstudios de historia de la Región Murcianarpresentación José María Jover Zamora ; coordinadora María Teresa Pérez Picazo1 aLadero Quesada, Miguel Ángel,edir.9676842 aConsejo Superior de Investigaciones Científicas (España) :bInstituto "Jerónimo Zurita"967685 0aCuadernos de Historiav7967686 001050718MOaGRbGRcCTd2013-09-19iLF1l0ov. 7p41139-10r2020-06-25w2020-06-25y1ZNo se presta 001050718MOaGRbGRcCTd2013-09-19iLF1l0ov. 10p41139-20r2020-06-25w2020-06-25y1ZNo se presta c40629d40629